000 00474nam a2200181Ia 4500
005 20250326125149.0
008 250326s9999 xx 000 0 und d
037 _aTextbook
040 _aFMSL
_beng
_cFMSL
041 _aeng
_2eng
084 _aX:97 K8
_qFMSL
100 _aI L I
245 0 _aLabour law and labour relations
_cI L I
260 _aBombay
_bBombay, N M Tripathi
_c1968
300 _a621p
942 _cTB
_hX:97 K8
999 _c1276816
_d1276816